000 02751nam a22001577a 4500
999 _c528016
_d528016
008 241104b ||||| |||| 00| 0 eng d
100 _aLeybold, Milena and Nadegger, Monica
_959251
245 _aOvercoming communicative separation for stigma reconstruction: How pole dancers fight content moderation on Instagram
260 _aOrganization
300 _a31(6), Sep, 2024: p.879-906
520 _aThis article investigates how stigmatized groups get organized to fight stigmatization through content-moderation practices on social media platforms. We apply a communicative understanding of stigmatization and stigma management, theorizing stigmatization as disruptive for a stigmatized group’s communicative connections to (non-)stigmatized groups. This communicative separation makes it particularly difficult for the stigmatized to organize the beneficial relations to other (non-)stigmatized groups needed to reconstruct stigma jointly. In this article, we investigate how stigmatized groups reconstruct their stigma despite communicative separation. Empirically, we build on a netnographic case study of pole dancers protesting a shadowban on Instagram. Shadowbanning represents a stigmatization practice that moderates content based on its association with sex work. The analysis shows how pole dancers and other stigmatized groups manage stigmatization through a process of stigma maintenance and stigma reconstruction. By emphasizing their difference to sex work through assimilating fitness jargon and distancing themselves from the sex industry, the pole dancers maintain the stigma but regain their communicative abilities by siding with Instagram. This victory initiates a shift in emphasizing solidarity and allows pole dancers and other stigmatized groups to embrace the stigma, forge new ties, and reach out to (non-)stigmatized groups to reconstruct stigma jointly. This study extends the stigma management literature by showing the interlinkage between different stigma-management strategies and their implications for overcoming communicative separation. We conclude by discussing the hardships of organizing stigma reconstruction and stigmatized groups’ strategies to overcome them.- Reproduced https://journals.sagepub.com/doi/full/10.1177/13505084221145635
650 _aSociology, Content Moderation, Instagram, Pole Dancing, Stigma Reconstruction, Digital Culture, Social Media Resistance, Communicative Separation, Online Communities, Feminist Studies, Platform Governance , Communication perspective, Communicative practices, Content moderation, Instagram, Pole dance, Sex work, Stigma-management strategies, Stigmatization.
_948514
773 _aOrganization
906 _aDIGITAL CULTURE
942 _cAR